KOHA-Header-6

Mukhzan-e-Adab : Urdu Lazmi ka Jadeed Nisaab (Record no. 2822)

000 -LEADER
fixed length control field 00389nam a2200145Ia 4500
003 - CONTROL NUMBER IDENTIFIER
control field MAJU-Karachi
005 - DATE AND TIME OF LATEST TRANSACTION
control field 20221118142744.0
008 - FIXED-LENGTH DATA ELEMENTS--GENERAL INFORMATION
fixed length control field 190902s9999||||xx |||||||||||||| ||und||
040 ## - CATALOGING SOURCE
Transcribing agency 0
100 ## - MAIN ENTRY--PERSONAL NAME
Personal name Shaubai Urdu Wafaqi Urdu University
245 #0 - TITLE STATEMENT
Title Mukhzan-e-Adab : Urdu Lazmi ka Jadeed Nisaab
260 ## - PUBLICATION, DISTRIBUTION, ETC. (IMPRINT)
Place of publication, distribution, etc Karachi
Name of publisher, distributor, etc Wafaqi Urdu University
Date of publication, distribution, etc 2015
300 ## - PHYSICAL DESCRIPTION
Extent 343
942 ## - ADDED ENTRY ELEMENTS (KOHA)
Koha item type Books
Source of classification or shelving scheme
Holdings
Withdrawn status Lost status Damaged status Not for loan Collection code Permanent Location Current Location Shelving location Date acquired Barcode Date last seen Price effective from Koha item type
        Urdu Literature Computing and Engineering Library Block-D Computing and Engineering Library Block-D Shelf No.A12 2020-12-01 6483 2019-09-02 2019-09-02 Urdu Literature

Powered by Koha